000 005570000a22001210004500
100 1 _aRueda Suárez, Ernesto
245 1 0 _aFundamentalismo democrático y las libertades negativas
300 _aVol.0, núm.2 ( , 2005), Páginas 8-10
500 _aEl autor hace un analisis del gobierno de los Estados Unidos calificando lo como fundamentalismo demócrático. Enfatiza la importanica de los Derechos Humanos para cuidar la dignidad humana.
650 1 4 _aDEMOCRACIA-ESTADOS UNIDOS
773 0 _tPerfiles: revista de la comunidad académica UDES
942 _cANA
999 _c62564
_d62564